| 000 | 01008 a2200241 4500 | ||
|---|---|---|---|
| 001 | 56308 | ||
| 005 | 20260407155830.0 | ||
| 008 | 260407a1985 arg spa d | ||
| 003 | AR-UNSa-BCEJYS | ||
| 040 |
_aAR-UNSa-BCEJYS _bspa _cAR-UNSa-BCEJYS |
||
| 080 |
_a321.01 _xTeoría general del Estado. Teoría y filosofía del poder. Estado y territorio. Autoridad y oposición. Usurpación (Filosofía política) |
||
| 245 | 1 | 0 | _aHegemonía y dominación en el estado moderno |
| 020 | _a968-23-0926-3 | ||
| 250 | _a6a. ed. | ||
| 264 | 1 |
_aMéxico : _bEdiciones Pasado y Presente _c1985 |
|
| 300 |
_a130 p. _c21 cm. |
||
| 505 | _aI. La teoría marxista del estado y del derecho y el problema de la "alternativa" - II. Introducción al estudio de la hegemonía en el estado - III. La teoría política marxista en Gran Bretaña - IV. Marx y el derecho moderno | ||
| 041 | _aspa | ||
| 942 | _cBK | ||
| 590 | _aniveau_biblio:m niveau_hierar:0 | ||
| 100 | 1 | _aPoulantzas, Nicos | |
| 700 | 1 | _aPoyrazián, María T. | |
| 999 |
_c5992 _d5992 |
||